| 000 | 01034nam a22002177a 4500 | ||
|---|---|---|---|
| 008 | 230825s2023 xxk|||||ol|||o00| 0 eng d | ||
| 041 | _aeng | ||
| 110 | _aSenedd Cymru | ||
| 245 | _aAgriculture (Wales) Act 2023 | ||
| 260 | _c2023 | ||
| 520 | _aAn Act of Senedd Cymru to make provision about sustainable land management; to make provision for and in connection with support for agriculture; to make provision about matters relating to agriculture and agricultural products; to amend the Forestry Act 1967 in connection with tree felling licences; and to amend the Wildlife and Countryside Act 1981 in connection with prohibitions relating to snares and traps etc | ||
| 650 | _aAGRICULTURE | ||
| 650 | _aAGRICULTURE (WALES) ACT 2023 | ||
| 650 | _aFORESTRY ACT 1967 | ||
| 650 | _aLAND MANAGEMENT | ||
| 650 | _aWILDLIFE AND COUNTRYSIDE ACT 1981 | ||
| 651 | _aWales | ||
| 690 |
_96251 _aLand use |
||
| 856 |
_uhttps://www.legislation.gov.uk/asc/2023/4/contents/enacted _zAvailable on legislation.gov.uk |
||
| 942 | _n0 | ||
| 999 |
_c121647 _d121647 |
||